| 000 | 00696nam a2200193Ii 4500 | ||
|---|---|---|---|
| 003 | JO-AjNU | ||
| 008 | 230605s9999||||xx |||||||||||||| ||und|| | ||
| 040 |
_aJO-AjNU _bara _erda _cJO-AjNU |
||
| 041 | _aara | ||
| 050 | 1 | 4 | _aPJ7661.M2 1967 |
| 100 | 3 |
_aإسماعيل، محمود حسن, _eauthor _952097 |
|
| 245 | 0 | 0 | _aالشعر في المعركة عام 1967 لشعراء الأمة العربية |
| 264 | 3 | 1 | _aالقاهرة: دار الكتاب العربي، 1967 |
| 300 | _a125ص | ||
| 336 |
_atext _btxt _2rdacontent |
||
| 337 |
_aunmediated _bn _2rdamedia |
||
| 338 |
_avolume _bnc _2rdacarrier |
||
| 650 | 4 |
_aالادب العربي - الشعر الحديث - القرن 20 _952098 |
|
| 999 |
_aA23057 _c26625 _d26625 |
||